Γενική χημεία
Αποθηκεύτηκε σε:
| Κύριος συγγραφέας: | |
|---|---|
| Μορφή: | Βιβλίο |
| Γλώσσα: | Greek |
| Δημοσίευση: |
Λευκωσία :
Broken Hill,
c2017.
|
| Θέματα: | |
| Ετικέτες: |
Προσθήκη ετικέτας
Δεν υπάρχουν, Καταχωρήστε ετικέτα πρώτοι!
|
MARC
| LEADER | 00000cam a2200000 a 4500 | ||
|---|---|---|---|
| 001 | 1/122978 | ||
| 008 | 210520s2017####cy ea |||||||||| ||gre|| | ||
| 020 | |a 9789963274772 | ||
| 040 | |a GR-MyUa |b gre |c GR-MyUa |e AACR2 | ||
| 041 | 0 | |a gre | |
| 082 | 7 | |a 540 |2 (23) | |
| 100 | 1 | |a Παπαδόπουλος, Αθανάσιος Ν. | |
| 245 | 1 | 0 | |a Γενική χημεία / |c Αθανάσιος Ν. Παπαδόπουλος. |
| 260 | |a Λευκωσία : |b Broken Hill, |c c2017. | ||
| 300 | |a 221 σ. : |b διαγρ., εικ. ; |c 24 εκ. | ||
| 504 | |a Περιλαμβάνει βιβλιογραφικές παραπομπές και ευρετήριο. | ||
| 650 | 0 | |a Chemistry | |
| 852 | |a INST |b LESVOS |c EUDOXUS |e 20210520 |h 540 ΠΑΠ |p 005100063360 |q 005100063360 |t EDX |y 0 | ||
| 920 | |a Εύδοξος |b Παραγγελία |y Λέσβος-ΤΠ |z 2021-05 | ||
| 970 | |a Καμάτσου |b Δέσποινα |z 20-05-2021 | ||